000 00216nam a22000977a 4500
999 _c16053
_d16053
003 OSt
008 191028b ||||| |||| 00| 0 eng d
100 _aKittunni ,C A.
_94470
245 _aThuyilunarthu pattu
942 _cBK